000 00315 a2200157 4500
001 68666
020 _a
040 _cAnchieta - Itaigara
100 _aBrasileiro, Jonar
240 1 0 _aLéo e Lia
_lpor
245 1 0 _aLéo e Lia
300 _a17
362 0 _a2001
650 4 _aLiteratura infantil
942 _cBK
999 _c68666
_d68666